000 00671nam a22002297a 4500
003 UA-OsUOA
001 30224
007 ta
008 20041108b un ||||| |||| 00| 0 ukr d
100 _aЯцунский В.К.
090 _a913(3)
_bЯ92
942 _cBK
040 _aUA-OsUOA
_brus
_cUA-OsUOA
_dUA-OsUOA
245 _aИсторическая география. История её возникновения и развития в XIV-XVIII веках
300 _a332 с.
955 _a0
041 _arus
080 _a913(3)
260 _aМосква
_bИздательство Академии Наук СССР
_c1955
044 _aRU
650 7 _2UDC
999 _c316632
_d316632